[Event "XII European Maccabi Games"]
[Site "Roma ITA"]
[Date "2007.07.11"]
[Round "7"]
[White "Ni, Viktorija"]
[Black "Litwak, Aleksej"]
[Result "0-1"]
[WhiteElo "2147"]
[BlackElo "2301"]
[PlyCount "70"]
[EventDate "2007.07.05"]

1. d4 Nf6 2. c4 e6 3. Nc3 Bb4 4. Qc2 c5 5. e3 d5 6. Nf3 Nc6 7. a3 Bxc3+ 8. bxc3
O-O 9. Bd3 Qc7 10. O-O dxc4 11. Bxc4 e5 12. Bb5 e4 13. Bxc6 Qxc6 14. Ne5 Qc7
15. a4 Rd8 16. Qb1 Bf5 17. Ba3 b6 18. Qb5 Rac8 19. Rfc1 Be6 20. a5 Ne8 21. Rab1
f6 22. axb6 axb6 23. Qxb6 Qxb6 24. Rxb6 Rd6 25. Rxd6 Nxd6 26. Nf3 exf3 27. gxf3
Nc4 28. Bxc5 Nd2 29. Rd1 Nxf3+ 30. Kg2 Bd5 31. c4 Ba8 32. Kg3 Ng5 33. Bb6 Rxc4
34. d5 Ne4+ 35. Kf3 Nc3 0-1

[Event "XII European Maccabi Games"]
[Site "Roma ITA"]
[Date "2007.07.11"]
[Round "7"]
[White "Shmirina, Evgenija"]
[Black "Leveikina, Jevgenija"]
[Result "1/2-1/2"]
[WhiteElo "2130"]
[BlackElo "2033"]
[PlyCount "227"]
[EventDate "2007.07.05"]

1. e4 c6 2. d4 d5 3. exd5 cxd5 4. Bd3 Nc6 5. c3 Nf6 6. h3 g6 7. Nf3 Bg7 8. O-O
O-O 9. Bf4 Bf5 10. Bxf5 gxf5 11. Ne5 e6 12. Re1 Ne7 13. Nd2 Ng6 14. Nxg6 hxg6
15. Be5 Ne4 16. Bxg7 Kxg7 17. Rc1 b5 18. Qe2 Nxd2 19. Qxd2 Qd6 20. Qd3 a6 21.
Re2 Rac8 22. a3 Rh8 23. Qe3 Rc4 24. Qe5+ Qxe5 25. Rxe5 Rhc8 26. Ra1 a5 27. Re3
b4 28. axb4 axb4 29. Ra4 bxc3 30. Rxc4 cxb2 31. Rb4 Rc1+ 32. Kh2 b1=Q 33. Rxb1
Rxb1 34. Rd3 Kf6 35. f4 Re1 36. Kg3 Re4 37. Kf3 Ke7 38. Rd1 Kd6 39. g4 Ke7 40.
g5 Kf8 41. Rd3 Kg8 42. Rd1 Kg7 43. Rd3 Re1 44. Kf2 Ra1 45. Kf3 Ra2 46. Kg3 Re2
47. Kf3 Re4 48. Rd1 Kf8 49. Rd3 Ke8 50. Rd1 Kd7 51. h4 Ke8 52. Rd3 Kf8 53. Rd1
Kg8 54. Rd3 Kh8 55. Rd1 Kh7 56. Rd3 Kh8 57. Rd1 Kg7 58. Rd3 Re1 59. Kg2 Re2+
60. Kg3 Kf8 61. Kf3 Rh2 62. Kg3 Rh1 63. Rd2 Rg1+ 64. Kf3 Rg4 65. Rh2 Rg1 66.
Rd2 Ra1 67. Kg2 Rc1 68. Rd3 Rc2+ 69. Kg3 Ra2 70. Rd1 Ra3+ 71. Kg2 Rc3 72. Rd2
Ke7 73. Rd1 Kd7 74. Ra1 Rd3 75. Ra7+ Ke8 76. Ra8+ Ke7 77. Ra7+ Kf8 78. Ra8+ Kg7
79. Ra4 Rd2+ 80. Kg3 Rd1 81. Kg2 Re1 82. Rb4 Rc1 83. Rb3 Rc2+ 84. Kg3 Rc4 85.
Rd3 Rc1 86. Kg2 Re1 87. Rd2 Re4 88. Kg3 Kf8 89. Rd3 Ke7 90. Kf3 Kd7 91. Rd1 Kc6
92. Rc1+ Kb6 93. Rb1+ Ka6 94. Ra1+ Kb6 95. Rb1+ Kc6 96. Rc1+ Kb5 97. Rc7 Rxd4
98. Rxf7 Rd3+ 99. Ke2 Rh3 100. Rf6 Rxh4 101. Rxg6 Rxf4 102. Rxe6 Kc4 103. g6
Rg4 104. Rf6 d4 105. Rxf5 Rxg6 106. Rf3 Rg2+ 107. Kd1 Rh2 108. Rg3 Ra2 109. Rh3
Rg2 110. Rf3 Rh2 111. Rg3 d3 112. Rg8 Kc3 113. Rc8+ Kd4 114. Rd8+ 1/2-1/2

[Event "XII European Maccabi Games"]
[Site "Roma ITA"]
[Date "2007.07.11"]
[Round "7"]
[White "Smolkina, Milana"]
[Black "Selifanov, Konstantin"]
[Result "1-0"]
[WhiteElo "1885"]
[BlackElo "1440"]
[PlyCount "33"]
[EventDate "2007.07.05"]

1. e4 e5 2. Nf3 Nc6 3. Bb5 Bc5 4. c3 d6 5. O-O Nge7 6. d4 exd4 7. cxd4 Bb6 8.
d5 a6 9. Ba4 O-O 10. dxc6 Nxc6 11. Nc3 Bg4 12. h3 Bh5 13. Bxc6 bxc6 14. Re1 Qf6
15. Be3 Rab8 16. Rb1 Ba5 17. Qd4 1-0

[Event "XII European Maccabi Games"]
[Site "Roma ITA"]
[Date "2007.07.11"]
[Round "7"]
[White "Zaika, Alexey"]
[Black "Avdeyeva, Viktoriya"]
[Result "1/2-1/2"]
[WhiteElo "1400"]
[BlackElo "2063"]
[PlyCount "75"]
[EventDate "2007.07.05"]

1. d4 d5 2. c4 e6 3. Nc3 c5 4. Nf3 cxd4 5. Nxd4 Nc6 6. cxd5 exd5 7. Bf4 Be6 8.
Qa4 Qb6 9. Ndb5 Rc8 10. Be3 d4 11. Nxd4 Qxb2 12. Rc1 Bb4 13. Qc2 Qxc2 14. Rxc2
Nxd4 15. Bxd4 Nf6 16. f3 Rc4 17. e3 Rc8 18. Bb5+ Ke7 19. Ke2 a6 20. Bd3 Bxc3
21. Bxc3 Nd5 22. Rhc1 Nxc3+ 23. Rxc3 Rxc3 24. Rxc3 Kd6 25. Be4 Rb8 26. a4 f5
27. Bd3 b5 28. axb5 axb5 29. e4 f4 30. e5+ Kxe5 31. Rc5+ Kd4 32. Rxb5 Rxb5 33.
Bxb5 Bc4+ 34. Bxc4 Kxc4 35. Kd2 Kd4 36. g3 g5 37. g4 h6 38. h3 1/2-1/2

[Event "C.to Italiano Semifinale"]
[Site "Cortina d'Ampezzo ITA"]
[Date "2007.07.10"]
[Round "4"]
[White "Vocaturo, Daniele"]
[Black "Molina, Fabrizio"]
[Result "0-1"]
[WhiteElo "2459"]
[BlackElo "2260"]
[PlyCount "76"]
[EventDate "2007.07.08"]

1. e4 e6 2. d4 d5 3. Nc3 Bb4 4. e5 Ne7 5. a3 Bxc3+ 6. bxc3 c5 7. h4 Nbc6 8. h5
Qa5 9. Bd2 h6 10. Qg4 Nf5 11. Bd3 O-O 12. Qf4 c4 13. g4 cxd3 14. gxf5 f6 15.
exf6 Rxf6 16. cxd3 e5 17. Qg3 exd4 18. Ne2 Bxf5 19. Rg1 g6 20. cxd4 Qa4 21. Qe3
g5 22. Kf1 Raf8 23. Nf4 Kh8 24. Nxd5 Bh3+ 25. Qxh3 Rxf2+ 26. Ke1 Nxd4 27. Nf4
Re2+ 28. Kf1 Rxd2 29. Rg4 Rd1+ 30. Rxd1 Qxd1+ 31. Kg2 Qd2+ 32. Kh1 Rxf4 33.
Rxf4 Qxf4 34. Qc8+ Kg7 35. Qxb7+ Kf6 36. Qa6+ Kf5 37. Qxh6 Qf1+ 38. Kh2 Kg4 0-1

[Event "C.to Italiano Semifinale"]
[Site "Cortina d'Ampezzo ITA"]
[Date "2007.07.12"]
[Round "6"]
[White "Bentivegna, Francesco"]
[Black "Tocchioni, Doriano"]
[Result "1-0"]
[WhiteElo "2277"]
[BlackElo "2261"]
[PlyCount "73"]
[EventDate "2007.07.08"]

1. e4 c6 2. d4 d5 3. exd5 cxd5 4. c4 Nf6 5. Nc3 Nc6 6. Bg5 Be6 7. Be2 Qa5 8.
Nf3 Ne4 9. O-O Nxc3 10. bxc3 dxc4 11. Rb1 O-O-O 12. a4 Bd5 13. Rb5 Qxc3 14. Qb1
Rd7 15. Rc1 Nxd4 16. Nxd4 Qxd4 17. Rxd5 Qxd5 18. Bxc4 Qxg5 19. Be6+ Kd8 20.
Bxd7 Qxc1+ 21. Qxc1 Kxd7 22. Qd2+ Kc8 23. Qc3+ Kb8 24. Qe5+ Ka8 25. Qd5 a6 26.
Qxf7 Ka7 27. h4 h5 28. g3 b5 29. a5 b4 30. Qe6 Rh6 31. Qd7+ Kb8 32. Qd8+ Kb7
33. Qxf8 Kc6 34. Qxg7 Rd6 35. Qf7 Kb5 36. Qxh5+ Ka4 37. Qe5 1-0

[Event "I C.to Italiano Serie Nazionali a squadre A1-A2"]
[Site "Cattolica ITA"]
[Date "2007.05.11"]
[Round "1"]
[White "Buratti, Marco"]
[Black "Piscopo, Pierluigi"]
[Result "0-1"]
[WhiteElo "2102"]
[BlackElo "2392"]
[PlyCount "62"]
[EventDate "2007.05.11"]

1. e4 c5 2. Nc3 Nc6 3. Bc4 e6 4. d3 a6 5. a4 Nge7 6. Bg5 Qc7 7. Nge2 Ng6 8. O-O
Nce5 9. Ng3 h5 10. Nxh5 d5 11. exd5 Nxc4 12. dxc4 Qe5 13. dxe6 Qxg5 14. Nd5
Bxe6 15. Nc7+ Ke7 16. Nxa8 Qxh5 17. Qxh5 Rxh5 18. Nb6 Nf4 19. Rfe1 Kd6 20.
Rad1+ Kc6 21. a5 Bd6 22. Re4 Ng6 23. g3 Ne5 24. f4 Nf3+ 25. Kg2 Bg4 26. Rh1 Nd4
27. Re8 Bc7 28. Rhe1 Bh3+ 29. Kf2 Bxb6 30. axb6 Bd7 31. R8e7 Rxh2+ 0-1

[Event "I C.to Italiano Serie Nazionali a squadre A1-A2"]
[Site "Cattolica ITA"]
[Date "2007.05.11"]
[Round "1"]
[White "Ferretti, Folco"]
[Black "Collutiis, Duilio"]
[Result "0-1"]
[WhiteElo "2268"]
[BlackElo "2410"]
[PlyCount "64"]
[EventDate "2007.05.11"]

1. Nf3 Nf6 2. c4 g6 3. b4 Bg7 4. Bb2 O-O 5. g3 c6 6. Bg2 a5 7. bxa5 Qxa5 8. O-O
d6 9. d3 Na6 10. Nbd2 Qh5 11. Re1 Nc5 12. Nb3 Na4 13. Bc1 Bh3 14. Qc2 Ng4 15.
d4 e5 16. e3 f5 17. Bh1 e4 18. Nfd2 g5 19. Ba3 Rf6 20. f3 Nxh2 21. Kxh2 Rh6 22.
Kg1 Bg4 23. Kf2 Qh2+ 24. Bg2 exf3 25. Nxf3 Bxf3 26. Kxf3 f4 27. exf4 gxf4 28.
gxf4 Rh3+ 29. Kf2 Qxf4+ 30. Kg1 Qh2+ 31. Kf2 Rf8+ 32. Ke2 Nc3+ 0-1

[Event "I C.to Italiano Serie Nazionali a squadre A1-A2"]
[Site "Cattolica ITA"]
[Date "2007.05.11"]
[Round "1"]
[White "Sarno, Spartaco"]
[Black "Bellincampi, Stefano"]
[Result "1-0"]
[WhiteElo "2329"]
[BlackElo "2037"]
[PlyCount "69"]
[EventDate "2007.05.11"]

1. d4 Nf6 2. c4 e6 3. Nf3 d5 4. Nc3 c6 5. cxd5 exd5 6. Bg5 Be7 7. Qc2 g6 8. e4
dxe4 9. Bxf6 Bxf6 10. Qxe4+ Kf8 11. Bc4 Kg7 12. O-O Re8 13. Qf4 Be6 14. Bxe6
Rxe6 15. Rfe1 Rxe1+ 16. Rxe1 Nd7 17. Ne4 Qa5 18. Nd6 Qxa2 19. Ne8+ Rxe8 20.
Rxe8 Qb1+ 21. Re1 Qxb2 22. h4 h5 23. Re8 Qb4 24. Qc7 Nf8 25. Rb8 Ne6 26. Rxb7
Nxc7 27. Rxb4 Ne6 28. Rc4 a5 29. g3 c5 30. dxc5 Be7 31. c6 Nc7 32. Rd4 Bc5 33.
Rd7 Bb6 34. Ne5 Kf6 35. Nc4 1-0

[Event "I C.to Italiano Serie Nazionali a squadre A1-A2"]
[Site "Cattolica ITA"]
[Date "2007.05.12"]
[Round "2"]
[White "Andreolini, Mauro"]
[Black "Piscopo, Pierluigi"]
[Result "0-1"]
[WhiteElo "2219"]
[BlackElo "2392"]
[PlyCount "108"]
[EventDate "2007.05.11"]

1. e4 c5 2. Nf3 Nc6 3. d4 cxd4 4. Nxd4 Nf6 5. Nc3 e5 6. Ndb5 d6 7. Bg5 a6 8.
Na3 b5 9. Nd5 Be7 10. Bxf6 Bxf6 11. g3 Rb8 12. Bg2 a5 13. O-O Ba6 14. Qd3 Nb4
15. Nxb4 axb4 16. Nb1 Qb6 17. Rd1 O-O 18. Nd2 Bb7 19. Nf1 Rfd8 20. Ne3 Bg5 21.
Nd5 Bxd5 22. Qxd5 Rbc8 23. Qb3 Rc4 24. Rd3 Rdc8 25. c3 bxc3 26. Rxc3 Rxc3 27.
bxc3 Bd2 28. Rb1 Bxc3 29. Qxb5 Qxb5 30. Rxb5 Bd4 31. Rb3 Kf8 32. Bf1 Rc2 33.
Rf3 f6 34. a4 Ra2 35. Bb5 Bc5 36. Kg2 Ke7 37. h4 h5 38. Rf5 g6 39. Rf3 d5 40.
exd5 e4 41. d6+ Bxd6 42. Re3 f5 43. Re2 Ra3 44. Re3 Ra1 45. Re2 Kf6 46. Be8 g5
47. hxg5+ Kxg5 48. Rd2 Be5 49. Rd5 Kf6 50. Rd2 h4 51. gxh4 f4 52. Bc6 f3+ 53.
Kh3 Kf5 54. Bd7+ Kf4 0-1

[Event "I C.to Italiano Serie Nazionali a squadre A1-A2"]
[Site "Cattolica ITA"]
[Date "2007.05.12"]
[Round "2"]
[White "Collutiis, Duilio"]
[Black "Bellincampi, Stefano"]
[Result "1-0"]
[WhiteElo "2410"]
[BlackElo "2037"]
[PlyCount "49"]
[EventDate "2007.05.11"]

1. e4 e5 2. Nf3 Nc6 3. Bb5 a6 4. Ba4 Nf6 5. Bxc6 dxc6 6. d3 Bd6 7. Nbd2 O-O 8.
Nc4 Nd7 9. O-O Re8 10. Nfd2 Nf8 11. Nxd6 cxd6 12. f4 exf4 13. Rxf4 Ng6 14. Rf2
d5 15. Qf1 Be6 16. b3 Qb6 17. Bb2 Rad8 18. Kh1 Rd7 19. h3 Rde7 20. Qg1 Qc5 21.
Bxg7 Qxc2 22. Bf6 Rd7 23. Nc4 Qxd3 24. Qc1 Nf4 25. Rxf4 1-0

[Event "I C.to Italiano Serie Nazionali a squadre A1-A2"]
[Site "Cattolica ITA"]
[Date "2007.05.12"]
[Round "2"]
[White "Ferretti, Folco"]
[Black "Sarno, Spartaco"]
[Result "1/2-1/2"]
[WhiteElo "2268"]
[BlackElo "2329"]
[PlyCount "52"]
[EventDate "2007.05.11"]

1. e4 d6 2. d4 Nf6 3. Nc3 g6 4. g3 Bg7 5. Bg2 O-O 6. Nge2 e5 7. h3 Nc6 8. Be3
Bd7 9. O-O a6 10. a4 exd4 11. Nxd4 Re8 12. Re1 Na5 13. Qd3 c5 14. Nde2 Qb6 15.
Rab1 Qb4 16. Qxd6 Rac8 17. b3 Red8 18. Na2 Qa3 19. Nec3 Ne8 20. Qb6 Nc4 21.
bxc4 Bxc3 22. Nxc3 Qxc3 23. Red1 Qe5 24. Bf4 Qe6 25. Qxb7 Bxa4 26. Rxd8 Rxd8
1/2-1/2

[Event "I C.to Italiano Serie Nazionali a squadre A1-A2"]
[Site "Cattolica ITA"]
[Date "2007.05.12"]
[Round "2"]
[White "Shytaj, Luca"]
[Black "Buratti, Marco"]
[Result "1-0"]
[WhiteElo "2451"]
[BlackElo "2102"]
[PlyCount "49"]
[EventDate "2007.05.11"]

1. e4 e5 2. f4 Qh4+ 3. g3 Qe7 4. Nc3 exf4 5. d4 Nf6 6. Bxf4 d5 7. e5 c6 8. Bh3
Nbd7 9. Qf3 Ne4 10. Nxe4 dxe4 11. Qb3 f5 12. Bxf5 Nc5 13. dxc5 Bxf5 14. O-O-O
g5 15. Be3 Bg7 16. Ne2 Bg4 17. Rhe1 Bxe5 18. Qc4 h5 19. Kb1 Bf3 20. Rd2 h4 21.
Ng1 hxg3 22. hxg3 Bxg3 23. Bf2 Bf4 24. Nxf3 Bxd2 25. Rxe4 1-0

[Event "I C.to Italiano Serie Nazionali a squadre A1-A2"]
[Site "Cattolica ITA"]
[Date "2007.05.12"]
[Round "3"]
[White "Bellincampi, Stefano"]
[Black "Shytaj, Luca"]
[Result "0-1"]
[WhiteElo "2037"]
[BlackElo "2451"]
[PlyCount "46"]
[EventDate "2007.05.11"]

1. e4 c5 2. Nf3 d6 3. Bb5+ Nd7 4. d4 Ngf6 5. Nc3 a6 6. Bxd7+ Nxd7 7. O-O e6 8.
dxc5 Nxc5 9. Bf4 Qb6 10. Rb1 Be7 11. b4 Nd7 12. Qd3 O-O 13. Na4 Qc6 14. Nb2 b5
15. c4 Bb7 16. Rfe1 Rfc8 17. Nd2 Nb6 18. Rec1 bxc4 19. Nbxc4 Qb5 20. Qb3 Nxc4
21. Nxc4 Bxe4 22. a4 Qf5 23. Nb6 Rxc1+ 0-1

[Event "I C.to Italiano Serie Nazionali a squadre A1-A2"]
[Site "Cattolica ITA"]
[Date "2007.05.12"]
[Round "3"]
[White "Buratti, Marco"]
[Black "Collutiis, Duilio"]
[Result "0-1"]
[WhiteElo "2102"]
[BlackElo "2410"]
[PlyCount "48"]
[EventDate "2007.05.11"]

1. e4 c5 2. Nc3 Nc6 3. Bc4 e6 4. d3 a6 5. a4 Nf6 6. Nge2 Be7 7. O-O O-O 8. Nf4
b6 9. f3 Bb7 10. Qe1 Qc7 11. Nce2 Ne5 12. Bd2 d5 13. Ba2 b5 14. Ba5 Qd7 15.
exd5 exd5 16. Nc3 Ng6 17. Nxg6 hxg6 18. Qe5 b4 19. Ne2 Bd6 20. Qg5 Rfe8 21. Qd2
Re7 22. Bb3 Rae8 23. Nc1 Qf5 24. c3 Bf4 0-1

[Event "I C.to Italiano Serie Nazionali a squadre A1-A2"]
[Site "Cattolica ITA"]
[Date "2007.05.12"]
[Round "3"]
[White "Piscopo, Pierluigi"]
[Black "Ferretti, Folco"]
[Result "1/2-1/2"]
[WhiteElo "2392"]
[BlackElo "2268"]
[PlyCount "35"]
[EventDate "2007.05.11"]

1. e4 c6 2. d4 d5 3. Nc3 dxe4 4. Nxe4 Nf6 5. Nxf6+ gxf6 6. Nf3 Bg4 7. Be2 e6 8.
c3 Qc7 9. Nh4 Bxe2 10. Qxe2 Nd7 11. O-O O-O-O 12. Rd1 Bd6 13. g3 f5 14. c4 Rhg8
15. c5 Bf4 16. b4 Bxc1 17. Raxc1 Nf6 18. Qe5 1/2-1/2

[Event "I C.to Italiano Serie Nazionali a squadre A1-A2"]
[Site "Cattolica ITA"]
[Date "2007.05.12"]
[Round "3"]
[White "Sarno, Spartaco"]
[Black "Andreolini, Mauro"]
[Result "1/2-1/2"]
[WhiteElo "2329"]
[BlackElo "2219"]
[PlyCount "58"]
[EventDate "2007.05.11"]

1. d4 d5 2. Nf3 Nf6 3. c4 dxc4 4. e3 e6 5. Bxc4 Be7 6. O-O O-O 7. Qe2 c5 8. Rd1
Qc7 9. Nc3 a6 10. a4 Nc6 11. dxc5 Bxc5 12. b3 Bd7 13. Bb2 Rfd8 14. Rac1 Be8 15.
Bd3 Qe7 16. Ng5 h6 17. Nge4 Nxe4 18. Nxe4 Ba3 19. Nf6+ Kh8 20. Nxe8 Rxe8 21.
Be4 Bxb2 22. Qxb2 Red8 23. Rxd8+ Rxd8 24. h3 Rd6 25. Bxc6 Rxc6 26. Rxc6 bxc6
27. Qc3 Qd6 28. f4 Kg8 29. Kf2 c5 1/2-1/2

[Event "IV Festival Marche Estate A"]
[Site "Falconara Marittima ITA"]
[Date "2007.07.16"]
[Round "1"]
[White "Corvi, Marco"]
[Black "Scoccianti, Raffaele"]
[Result "1-0"]
[WhiteElo "2322"]
[BlackElo "1912"]
[PlyCount "71"]
[EventDate "2007.07.16"]

1. c4 Nf6 2. Nc3 d6 3. e4 g6 4. g3 Bg7 5. Bg2 O-O 6. Nge2 Nbd7 7. O-O e5 8. b3
c6 9. Ba3 Qc7 10. d4 Re8 11. dxe5 dxe5 12. Bd6 Qd8 13. Qc2 Bf8 14. Rad1 Bxd6
15. Rxd6 Qe7 16. Rfd1 Nb6 17. c5 Nbd7 18. Na4 h5 19. Qd2 Kg7 20. Qc3 Kg8 21.
Nb2 Nf8 22. Nc4 N6h7 23. b4 f6 24. a4 Be6 25. b5 cxb5 26. axb5 Rac8 27. c6 bxc6
28. bxc6 Red8 29. Rxd8 Rxd8 30. Rxd8 Qxd8 31. Ne3 Qc7 32. h4 Bd7 33. Bh3 Be8
34. Nd5 Qb8 35. c7 Qb1+ 36. Kh2 1-0

[Event "IV Festival Marche Estate A"]
[Site "Falconara Marittima ITA"]
[Date "2007.07.16"]
[Round "1"]
[White "Piscopo, Pierluigi"]
[Black "Lisi, Davide"]
[Result "1-0"]
[WhiteElo "2392"]
[BlackElo "1963"]
[PlyCount "59"]
[EventDate "2007.07.16"]

1. Nf3 g6 2. g3 Bg7 3. d4 Nf6 4. Bg2 O-O 5. O-O d6 6. a4 Nbd7 7. a5 Rb8 8. Nc3
c5 9. Nb5 Ne4 10. Nxa7 Ra8 11. Nxc8 Qxc8 12. c3 Qc7 13. Ne1 Nef6 14. dxc5 Nxc5
15. Be3 Ng4 16. Bd4 e5 17. Bxc5 dxc5 18. Qa4 h5 19. Nd3 c4 20. Nb4 Bh6 21. Nd5
Qc5 22. Qb4 Qxb4 23. cxb4 f5 24. h3 Nf6 25. Nxf6+ Rxf6 26. Bxb7 Ra7 27. Bd5+
Kh7 28. b5 f4 29. b6 Rd7 30. b7 1-0

[Event "IV Festival Marche Estate A"]
[Site "Falconara Marittima ITA"]
[Date "2007.07.17"]
[Round "2"]
[White "Robertsen, Thomas"]
[Black "Marozzi, Giovanni"]
[Result "1-0"]
[WhiteElo "2240"]
[BlackElo "2055"]
[PlyCount "69"]
[EventDate "2007.07.16"]

1. e4 d5 2. exd5 Qxd5 3. Nc3 Qa5 4. d4 c6 5. Bc4 Nf6 6. Nf3 Bg4 7. Bd2 Qc7 8.
Qe2 e6 9. O-O-O Bb4 10. h3 Bxf3 11. gxf3 Bxc3 12. Bxc3 Nd5 13. Bd2 Nd7 14. Bb3
O-O-O 15. c4 Nf4 16. Qe3 Ng6 17. Kb1 Kb8 18. Rhg1 Nf6 19. Bc3 Rhe8 20. Rg5 Nd7
21. Ba5 b6 22. Bc3 Ne7 23. a4 Nf5 24. Qd2 h6 25. Rgg1 c5 26. d5 e5 27. Bc2 g6
28. Bxf5 gxf5 29. Qxh6 Rh8 30. Qg5 f4 31. Qf5 f6 32. Rg7 Qd6 33. Rdg1 Kc7 34.
R1g6 Kc8 35. Qe6 1-0

[Event "IV Festival Marche Estate A"]
[Site "Falconara Marittima ITA"]
[Date "2007.07.17"]
[Round "3"]
[White "Vocaturo, Daniele"]
[Black "Robertsen, Thomas"]
[Result "1-0"]
[WhiteElo "2459"]
[BlackElo "2240"]
[PlyCount "75"]
[EventDate "2007.07.16"]

1. e4 e5 2. Nf3 Nc6 3. Bb5 f5 4. d3 fxe4 5. dxe4 Nf6 6. O-O Bc5 7. Qd3 d6 8.
Qc4 Bd7 9. Nc3 a6 10. Bxc6 bxc6 11. Nxe5 Qe7 12. Nxd7 Nxd7 13. Bf4 g5 14. Bd2
Ne5 15. Qe2 h5 16. Nd1 g4 17. Be3 Rg8 18. Bxc5 Qh4 19. Kh1 dxc5 20. Ne3 Qg5 21.
f4 gxf3 22. gxf3 Qf4 23. Ng2 Qh6 24. f4 Ng4 25. e5 Rd8 26. h3 Qe6 27. f5 Qh6
28. f6 Rg5 29. Qc4 Rd5 30. Qxa6 Nxe5 31. f7+ Nxf7 32. Qc8+ Rd8 33. Qxc7 Qe6 34.
Rae1 Ne5 35. Nf4 Qd6 36. Qxd6 Rxd6 37. Nd3 Rd5 38. h4 1-0

[Event "IV Festival Marche Estate A"]
[Site "Falconara Marittima ITA"]
[Date "2007.07.18"]
[Round "4"]
[White "Foglia, Maurizio"]
[Black "Ricci, Alessio"]
[Result "1-0"]
[WhiteElo "2094"]
[BlackElo "1824"]
[PlyCount "41"]
[EventDate "2007.07.16"]

1. d4 d5 2. Bf4 Nf6 3. e3 e6 4. Nf3 Nbd7 5. Nbd2 Be7 6. h3 O-O 7. Bd3 c5 8. c3
Re8 9. Ne5 Nxe5 10. dxe5 Nd7 11. Qh5 Nf8 12. Nf3 Ng6 13. h4 Rf8 14. Ng5 h6 15.
Bxg6 fxg6 16. Qxg6 hxg5 17. hxg5 Rf5 18. O-O-O Rxg5 19. Bxg5 Bxg5 20. Rh7 Qe7
21. Rdh1 1-0

[Event "IV Festival Marche Estate A"]
[Site "Falconara Marittima ITA"]
[Date "2007.07.18"]
[Round "4"]
[White "Giacometti, Carlo"]
[Black "Pelagalli, Marco"]
[Result "0-1"]
[WhiteElo "2040"]
[BlackElo "1649"]
[PlyCount "72"]
[EventDate "2007.07.16"]

1. Nc3 d5 2. e4 d4 3. Nce2 e5 4. Ng3 Be6 5. Nf3 f6 6. h4 h5 7. Be2 g6 8. d3 c5
9. c4 Bh6 10. Bxh6 Nxh6 11. Qd2 Nc6 12. Bd1 Qa5 13. Qxa5 Nxa5 14. a3 b6 15. b4
Nb7 16. Ba4+ Bd7 17. Bxd7+ Kxd7 18. O-O a5 19. bxa5 Nxa5 20. Rfb1 Ra6 21. Ne1
Rha8 22. f3 Kc7 23. Nc2 Nf7 24. Kf2 Nd6 25. Ke2 Naxc4 26. dxc4 Nxc4 27. Nf1
Nxa3 28. Rxa3 Rxa3 29. Nxa3 Rxa3 30. Nd2 Kc6 31. Rxb6+ Kxb6 32. Nc4+ Kb5 33.
Nxa3+ Kb4 34. Nb1 c4 35. g4 c3 36. Kd3 Kb3 0-1

[Event "IV Festival Marche Estate A"]
[Site "Falconara Marittima ITA"]
[Date "2007.07.18"]
[Round "4"]
[White "Occhipinti, Giuseppe"]
[Black "Testa, Adriano"]
[Result "0-1"]
[WhiteElo "1470"]
[BlackElo "1927"]
[PlyCount "86"]
[EventDate "2007.07.16"]

1. e4 d5 2. exd5 Qxd5 3. Nc3 Qa5 4. d4 Nf6 5. Nf3 c6 6. Be2 Bf5 7. O-O e6 8. a3
Bd6 9. Be3 Nbd7 10. b4 Qc7 11. h3 h6 12. Bd3 Bxd3 13. Qxd3 g5 14. Bd2 O-O-O 15.
b5 c5 16. Ne4 Nxe4 17. Qxe4 Nf6 18. Qe1 cxd4 19. c4 Kb8 20. Bb4 g4 21. Bxd6
Rxd6 22. hxg4 Nxg4 23. Ne5 Rg8 24. Qe2 Nxe5 25. Qxe5 Rd7 26. Qxc7+ Rxc7 27.
Rfe1 Rxc4 28. Re4 Rg5 29. Rf4 f5 30. Rh4 Rg6 31. Rd1 e5 32. Rh5 Rf6 33. Kf1 Rc5
34. Rb1 b6 35. Ke2 Rc2+ 36. Kf1 e4 37. Ke1 d3 38. Ra1 Kc7 39. g3 Kd6 40. Rh1
Kc5 41. a4 Kd4 42. Rf1 Rf8 43. Kd1 Rfc8 0-1

[Event "IV Festival Marche Estate A"]
[Site "Falconara Marittima ITA"]
[Date "2007.07.18"]
[Round "4"]
[White "Robertsen, Thomas"]
[Black "Rago, Riccardo"]
[Result "1-0"]
[WhiteElo "2240"]
[BlackElo "2062"]
[PlyCount "54"]
[EventDate "2007.07.16"]

1. e4 c5 2. Nf3 Nc6 3. Nc3 e5 4. Bc4 d6 5. d3 Be7 6. Nd2 Nf6 7. Nf1 O-O 8. Ne3
a6 9. a4 Nd4 10. Ned5 Nxd5 11. Nxd5 Bg5 12. c3 Ne6 13. Qh5 Bxc1 14. Rxc1 Bd7
15. Bb3 b5 16. axb5 axb5 17. O-O Bc6 18. g3 Bxd5 19. Bxd5 Ra7 20. f4 exf4 21.
gxf4 Nc7 22. Bb3 Qf6 23. Kh1 Kh8 24. Rcd1 g6 25. Qh3 Kg7 26. f5 g5 27. d4 c4
1-0

[Event "IV Festival Marche Estate A"]
[Site "Falconara Marittima ITA"]
[Date "2007.07.19"]
[Round "5"]
[White "Rovatti, Paolo"]
[Black "Paleologu, Vladimir"]
[Result "1-0"]
[WhiteElo "1971"]
[BlackElo "2141"]
[PlyCount "33"]
[EventDate "2007.07.16"]

1. d4 d6 2. e4 Nd7 3. Nf3 e5 4. Nc3 Ngf6 5. Bc4 Be7 6. O-O h6 7. dxe5 dxe5 8.
Qe2 c6 9. a3 Qc7 10. Nh4 Bc5 11. Nf5 Kf8 12. Rd1 Kg8 13. b4 Bf8 14. Bb2 g6 15.
Bxf7+ Kxf7 16. Qc4+ Ke8 17. Qe6+ 1-0

[Event "IV Festival Marche Estate A"]
[Site "Falconara Marittima ITA"]
[Date "2007.07.19"]
[Round "6"]
[White "Bruno, Fabio"]
[Black "Damia, Angelo"]
[Result "1-0"]
[WhiteElo "2443"]
[BlackElo "2263"]
[PlyCount "53"]
[EventDate "2007.07.16"]

1. d4 d5 2. Bf4 Nf6 3. e3 g6 4. Nf3 Bg4 5. c4 Bxf3 6. Qxf3 c6 7. Nc3 Bg7 8.
cxd5 Nxd5 9. Nxd5 Qxd5 10. Qxd5 cxd5 11. Bb5+ Nc6 12. Rc1 Rc8 13. Ke2 Kd7 14.
Rc3 a6 15. Ba4 e6 16. Rhc1 b5 17. Bb3 Rhe8 18. Kd1 f5 19. a4 b4 20. R3c2 a5 21.
Rc5 Bf8 22. Rb5 Bd6 23. Bxd6 Kxd6 24. Rb6 Re7 25. Rc5 Ra7 26. Bc2 Kd7 27. Bd3
1-0

[Event "IV Festival Marche Estate A"]
[Site "Falconara Marittima ITA"]
[Date "2007.07.19"]
[Round "6"]
[White "Robertsen, Thomas"]
[Black "Rotoni, Matteo"]
[Result "0-1"]
[WhiteElo "2240"]
[BlackElo "2074"]
[PlyCount "84"]
[EventDate "2007.07.16"]

1. e4 e6 2. d4 d5 3. e5 c5 4. c3 Nc6 5. Nf3 Bd7 6. Bd3 cxd4 7. cxd4 Qb6 8. O-O
Nxd4 9. Nbd2 Nxf3+ 10. Nxf3 Bb5 11. Bxb5+ Qxb5 12. Nd4 Qd7 13. Be3 Ne7 14. f4
g6 15. g4 Bg7 16. f5 gxf5 17. gxf5 Nxf5 18. Nxf5 exf5 19. Bc5 Bxe5 20. Rc1 Rg8+
21. Kh1 Rg4 22. Qf3 f6 23. Rg1 Kf7 24. h3 Rg6 25. Qh5 Kg7 26. Be3 f4 27. Bd2
Rc8 28. Rce1 d4 29. Rxe5 Rxg1+ 30. Kxg1 fxe5 31. Qxe5+ Kg8 32. Bxf4 Qg7+ 33.
Qxg7+ Kxg7 34. Be5+ Kg6 35. Bxd4 Rc2 36. h4 Kh5 37. Bf6 b5 38. a3 a5 39. Kf1
Rc4 40. Ke2 Rxh4 41. Bxh4 Kxh4 42. Kd3 Kg3 0-1

[Event "IV Festival Marche Estate A"]
[Site "Falconara Marittima ITA"]
[Date "2007.07.20"]
[Round "7"]
[White "Rotoni, Matteo"]
[Black "Piscopo, Pierluigi"]
[Result "0-1"]
[WhiteElo "2074"]
[BlackElo "2392"]
[PlyCount "38"]
[EventDate "2007.07.16"]

1. e4 c5 2. c3 e6 3. d4 d5 4. e5 Nc6 5. Nf3 Nge7 6. Bd3 Nf5 7. Bxf5 exf5 8. Na3
cxd4 9. cxd4 Be7 10. h4 Qb6 11. Nc2 h6 12. Ne3 Be6 13. g3 Qa6 14. Qe2 Qxe2+ 15.
Kxe2 f6 16. Ng2 fxe5 17. dxe5 d4 18. Nf4 Bc4+ 19. Kd1 O-O-O 0-1